000 00686cam a22002533a 4500
001 26987
003 PGUSA
005 20140828083600.0
008 081021s2008||||xxu|||||s|||||000 1 eng d
040 _aPGUSA
_beng
042 _adc
050 4 _aPS
100 1 _aQuick, Herbert,
_d1861-1925
245 1 4 _aThe Brown Mouse
_h[electronic resource] /
_cHerbert Quick
260 _bProject Gutenberg,
_c2008
506 _aPublic domain in the USA.
516 _aElectronic text
653 _aLove stories
653 _aIowa -- Fiction
653 _aRural schools -- Fiction
830 0 _aProject Gutenberg
_v26987
856 4 0 _uhttp://www.gutenberg.org/ebooks/26987
942 _cEB
999 _c256242
_d256242